00538nam a2200145Ia 4500008004100000100002500041245012200066245002700188260000900215300002500224440003800249650001400287999001900301952007200320171207s9999 xx 000 0 und d aAbdallah, Mahmoud M. aTowards improving content and instruction of the ‘TESOL/TEFL for Special Needs’ course: an action research study  cMahmoud M. S. Abdallah c2017 apages 420-437, 2017 aEducational Action Researchv25:3 aEDUCATION c347680d347680 001040aCLbCLd2017-12-07l0r2017-12-07 00:00:00w2017-12-07ySE